000 00540nam a2200193 4500
999 _c12011
_d12011
008 210116b ||||| |||| 00| 0 eng d
020 _cRs.120.00
041 0 _aeng
082 0 0 _a005.113
_bG685
100 _92867
_aGottfried, Byron S.
245 1 0 _aTheory and problems of programming with PASCAL /
_cby Byron S. Gottfried
250 _a2nd ed.
260 _aNew Delhi :
_bTata-McGrawhill,
_c1994.
300 _aviii, 428 p.
365 _bINR 120.00
490 0 _a(Schaum's outline series)
650 0 _aPascal
942 _2ddc
_cBK